Ministers van Vlaanderen - Statistieken

Algemene statistieken
  • Deze quiz is 522 keer genomen
  • De gemiddelde score is 7 van 9
Antwoordstatistieken
Partij Functie Bevoegdheden Naam % Correct
N-VA Minister Onderwijs, Justitie en Werk Zuhal Demir
94%
N-VA Minister-President Economie, Innovatie en Industrie, Buitenlandse Zaken, Digitalisering en Facilitair Management Matthias Diependaele
85%
Vooruit Viceminister-President Wonen, Energie en Klimaat, Toerisme en Jeugd Melissa Depraetere
85%
N-VA Viceminister-President Begroting en Financiën, Vlaamse Rand, Onroerend Erfgoed en Dierenwelzijn Ben weyts
83%
CD&V Viceminister-President Binnenland, Steden- en Plattelandsbeleid, Samenleven, Integratie en Inburgering, Bestuurszaken, Sociale Economie en Zeevisserij Hilde Crevits
71%
CD&V Minister Omgeving en Landbouw Jo Brouns
70%
N-VA Minister Brussel en Media Cieltje Van Achter
69%
Vooruit Minister Welzijn en Armoedebestrijding, Cultuur en Gelijke Kansen Caroline Gennez
63%
N-VA Minister Mobiliteit, Openbare Werken, Havens en Sport Annick De Ridder
62%
Geen overeenkomende quizzen gevonden
Scoreverdeling
Procent van Mensen met Elke Score
Percentiel versus Aantal Correcte Antwoorden
Uw Scoregeschiedenis
U heeft deze quiz nog niet genomen